000 00589nam a2200169 a 4500
001 000029855
005 20200930055847.0
008 110426s1988 dr a 000 0 spa d
040 _aDO-SdBNP
_bspa
_cBNPHU
082 _axxx
_bP273h
110 1 _aPartido Comunista Dominicano.
_bSobre la problemática de la mujer en nuestra socieda d actual.
_956607
245 1 0 _aHacia la liberación de la mujer/.
260 _aSanto Domingo :
_bAlfa & Omega,
_c1988.
300 _a42 p. :
_bil ;
_c27 cm.
504 _aIncluye referencias bibliográficas y notas al pie de las páginas.
049 _aBNPD
999 _c29347
_d29347